000 00518cam a22001931 4500
001 45419
090 _a45419
100 _a19940112d1947 km y0pory5003 ba
101 0 _apor
102 _aPT
200 1 _aO desenvolvimento embrionário
_fRamiro da Fonseca
210 9 _aLisboa
_cEdiçõs Cosmos,
_d1947
215 _a236 p.
_d20 cm
225 2 _aBiblioteca cosmos
_v121, 122
_h1
_v56, 57.
_iCiências e técnicas
675 _a57
675 _a576
700 1 _aFonseca,
_bRamiro da,
_f1911-1991
801 0 _aPT
_bBN
_gRPC
990 _cLIVROS